[Event "Polanica Zdroj op-D 47th"]
[Site "Polanica Zdroj"]
[Date "2011.08.27"]
[Round "8"]
[White "Karykowski, Dominik"]
[Black "Szymczak, Paula"]
[Result "0-1"]
[WhiteElo "1409"]
[BlackElo "1681"]
[PlyCount "90"]
[EventDate "2011.08.20"]
[EventType "swiss"]
[EventRounds "9"]
[EventCountry "POL"]
[SourceTitle "EXT 2014"]
[Source "ChessBase"]
[SourceDate "2013.11.20"]
[SourceVersion "1"]
[SourceVersionDate "2013.11.20"]
[SourceQuality "1"]

1. e4 g6 2. d4 d6 3. Nc3 Bg7 4. Bg5 h6 5. Bh4 a6 6. Bc4 Nd7 7. Qf3 Ngf6 8. 0-0-0 Nb6 9. Bxf6 Bxf6 10. Bxf7+ Kxf7 11. e5 Re8 12. Nh3 c6 13. exf6 exf6 14. Rde1 Be6 15. Nf4 Qd7 16. Ne4 Bf5 17. h3 Bxe4 18. Rxe4 d5 19. Re2 Rxe2 20. Qxe2 Re8 21. Qd1 Qf5 22. g3 Qe4 23. Rf1 Nc4 24. Qd3 Qe1+ 25. Qd1 Qb4 26. Nd3 Qa5 27. a3 Re4 28. f4 Ne3 29. Qe1 Qa4 30. Rf2 Qxd4 31. Rd2 Nc4 32. Qd1 Nxd2 33. Qxd2 Qg1+ 34. Qd1 Qxd1+ 35. Kxd1 Re3 36. g4 Rxh3 37. Ke2 Rxd3 38. Kxd3 Ke6 39. Kd4 h5 40. f5+ Kf7 41. gxh5 gxh5 42. Ke3 Ke7 43. b4 Kd6 44. Kd4 h4 45. Ke3 Ke5 0-1

[Event "Polanica Zdroj op-D 47th"]
[Site "Polanica Zdroj"]
[Date "2011.08.24"]
[Round "5"]
[White "Karykowski, Dominik"]
[Black "Muller, Marcin"]
[Result "1-0"]
[WhiteElo "1409"]
[BlackElo "1630"]
[PlyCount "45"]
[EventDate "2011.08.20"]
[EventType "swiss"]
[EventRounds "9"]
[EventCountry "POL"]
[SourceTitle "EXT 2014"]
[Source "ChessBase"]
[SourceDate "2013.11.20"]
[SourceVersion "1"]
[SourceVersionDate "2013.11.20"]
[SourceQuality "1"]

1. e4 e5 2. Nf3 Nc6 3. d4 exd4 4. Bc4 Bc5 5. c3 dxc3 6. Bxf7+ Kxf7 7. Qd5+ Kf8 8. Qxc5+ Qe7 9. Qc4 cxb2 10. Bxb2 Qb4+ 11. Qxb4+ Nxb4 12. Ba3 a5 13. Nc3 c6 14. 0-0 Ne7 15. Rad1 b6 16. Rd2 h6 17. Rfd1 Ra7 18. Ne5 Ke8 19. Ne2 Rf8 20. Nc4 Rb7 21. Nd6+ Kd8 22. Nxb7+ Bxb7 23. Rxd7+ 1-0

[Event "Polanica Zdroj op-D 47th"]
[Site "Polanica Zdroj"]
[Date "2011.08.21"]
[Round "2"]
[White "Mikolajczyk, Andrzej"]
[Black "Karykowski, Dominik"]
[Result "1-0"]
[WhiteElo "1783"]
[BlackElo "1409"]
[PlyCount "65"]
[EventDate "2011.08.20"]
[EventType "swiss"]
[EventRounds "9"]
[EventCountry "POL"]
[SourceTitle "EXT 2014"]
[Source "ChessBase"]
[SourceDate "2013.11.20"]
[SourceVersion "1"]
[SourceVersionDate "2013.11.20"]
[SourceQuality "1"]

1. e4 c5 2. Nf3 a6 3. c4 Nc6 4. d4 cxd4 5. Nxd4 e6 6. Nc3 Bb4 7. Qd3 Nf6 8. Bd2 Qc7 9. Nxc6 bxc6 10. Be2 0-0 11. 0-0 Bb7 12. a3 Be7 13. f4 d5 14. cxd5 cxd5 15. e5 Nd7 16. b4 Rac8 17. Rac1 Qd8 18. Be3 Nb6 19. Bd4 Nc4 20. Na4 f6 21. exf6 Bxf6 22. Nc5 Qe7 23. Bg4 Rc6 24. Rce1 Bxd4+ 25. Qxd4 Rf6 26. Qxd5 Nb6 27. Qe5 Bc8 28. f5 Nd7 29. Qe4 Nxc5 30. Qxc6 Qd7 31. Qxc5 exf5 32. Bxf5 Rxf5 33. Rxf5 1-0

[Event "Polanica Zdroj op-D 47th"]
[Site "Polanica Zdroj"]
[Date "2011.08.20"]
[Round "1"]
[White "Karykowski, Dominik"]
[Black "Karpinski, Bartlomiej"]
[Result "1/2-1/2"]
[WhiteElo "1409"]
[BlackElo "1814"]
[PlyCount "78"]
[EventDate "2011.08.20"]
[EventType "swiss"]
[EventRounds "9"]
[EventCountry "POL"]
[SourceTitle "EXT 2014"]
[Source "ChessBase"]
[SourceDate "2013.11.20"]
[SourceVersion "1"]
[SourceVersionDate "2013.11.20"]
[SourceQuality "1"]

1. e4 d5 2. exd5 Qxd5 3. Nc3 Qa5 4. d4 c6 5. Nf3 Nf6 6. Bd3 Bg4 7. 0-0 e6 8. Be3 Bd6 9. Ne4 Nxe4 10. Bxe4 Nd7 11. h3 Bh5 12. c3 Nf6 13. Bc2 0-0 14. Bd3 Rfd8 15. Be2 Nd5 16. Nh4 Bxe2 17. Qxe2 Nxe3 18. fxe3 Qg5 19. Nf3 Qg3 20. Qf2 Rd7 21. e4 Qxf2+ 22. Rxf2 Bg3 23. Rd2 Rad8 24. Rad1 f6 25. Kf1 Kf7 26. Ke2 g5 27. e5 fxe5 28. Nxg5+ Ke7 29. Ne4 Bf4 30. Rd3 b6 31. dxe5 Bxe5 32. Rxd7+ Rxd7 33. Rxd7+ Kxd7 34. Kf3 Ke7 35. Kg4 h6 36. g3 Kf7 37. h4 a5 38. a4 b5 39. b3 Kg7 1/2-1/2